000 01338cad a22002415a 4500
001 E147301
008 090428s2009 xxk f s000 0 eng d
020 _a9780755959679
035 _a(Sirsi) u147301
041 0 _aeng
050 0 4 _a333.790941 $2 18
110 2 _aScotland
_bScottish Government
_95344
245 0 0 _aPreparing for a changing climate
_bsecond consultation to inform Scotland's climate change adaptation framework
_h[electronic resource]
260 _aEdinburgh
_bScottish Government
_c2009
505 2 _aExecutive summary -- This consultation -- Chapter 1: introduction -- Chapter 2: Scotland's Climate Change Adaptation Framework -- Chapter 3: working with others -- Annex A: action programme for government 2009-2011 -- Annex B: glossary -- Annex C: The Scottish Government consultation process
520 _aSeeks views on a proposed Framework which will set out actions to be taken by the Scottish Government and other organisations to deal with the threats posed by climate change. The deadline for comments is 20 July 2009.
521 _aAdvanced
590 _aKA
651 4 _aScotland
_y1999-
690 _aENVIRONMENTAL AND LAND CONSULTANCY-SUSTAINABILITY
856 4 0 _uhttps://www.scotland.gov.uk/Publications/2009/04/23145206/0
_zView the report free of charge at www.scotland.gov.uk...
942 _n0
999 _c109513
_d109513